Confiar en uno mismo: libro de actividades

Gorde:
Xehetasun bibliografikoak
Egile nagusia: Haeussler Pérez de Arce, Isabel Margarita (Egilea)
Formatua: Liburua
Hizkuntza:gaztelania
Argitaratua: Santiago Dolmen 1994
Saila:Educación
Gaiak:
Etiketak: Etiketa erantsi
Etiketarik gabe, Izan zaitez lehena erregistro honi etiketa jartzen!

MARC

LEADER 00000nam a2200000 a 4500
001 UCZ5540
003 CL-VaPUC
008 951123e19940000CL |||||||||||||||||spa|d
082 0 4 |a 152.41  |b HAE  |2 21 
100 |a Haeussler Pérez de Arce, Isabel Margarita  |e author  |9 605317 
245 1 0 |a Confiar en uno mismo: libro de actividades 
300 |a 104 p 
942 |c BK 
945 |d 19951123 00:00:00  |a rleighto 
260 |a Santiago  |b Dolmen  |c 1994 
650 0 |a Autoestima  |9 308492 
650 0 |a Motivación   |9 315362 
650 7 |a CONCEPTO DE SI MISMO  |2 CL-VaPUC  |9 343106 
650 0 |a Personalidad   |9 307255 
650 7 |a INDIVIDUOS  |2 CL-VaPUC  |9 349612 
583 |a last modification  |c 19951123 00:00:00  |k Rodrigo Vera 
490 0 |a Educación 
999 |c 241839  |d 241837 
952 |0 0  |1 0  |4 0  |6 152_410000000000000_HAE_1994  |7 0  |8 A  |9 254343  |a BIBEDU  |b BIBEDU  |d 2019-11-19  |i 3153932  |o 152.41 HAE 1994  |p 3153932  |r 2019-11-19  |w 2019-11-19  |y BK  |k EPE 
952 |0 0  |1 0  |4 0  |6 152_410000000000000_HAE_1994  |7 0  |8 A  |9 254344  |a BIBEDU  |b BIBEDU  |d 2019-11-19  |i 3108589  |o 152.41 HAE 1994  |p 3108589  |r 2019-11-19  |w 2019-11-19  |y BK  |k EPE